The Swiss National Anthem in All Four Languages - Statistics

General Stats
  • This quiz has been taken 19 times
  • The average score is 69 of 180
Answer Stats
Answer % Correct
à
91%
a
91%
d'
91%
t'
82%
de
73%
du
73%
ich
73%
im
73%
l'
73%
ahnt
64%
daher,
64%
den
64%
der
64%
dich
64%
Dich,
64%
Eure
64%
fromme
64%
Gott
64%
Gott,
64%
in
64%
Morgenrot
64%
Seele
64%
seh'
64%
Strahlenmeer,
64%
Vaterland!
64%
Wenn
64%
alpe
55%
Au
55%
Betet,
55%
betet,
55%
c'
55%
freie
55%
Hocherhabener
55%
quand
55%
rötet,
55%
Schweizer,
55%
si
55%
sich
55%
Trittst
55%
Alpenfirn
45%
Herrlicher!
45%
le
45%
mattin
45%
monts,
45%
nos
45%
re
45%
soleil
45%
Sur
45%
aurora
36%
beau
36%
Dio
36%
Dio,
36%
Et
36%
Herrn
36%
il
36%
la
36%
Quando
36%
réveil,
36%
un
36%
Annonce
27%
bionda
27%
brillant
27%
carstgaun,
27%
ciel
27%
ciel!
27%
cittadino
27%
damaun
27%
del
27%
Dieu
27%
En
27%
en
27%
favor
27%
hehren
27%
indora
27%
jour
27%
lo
27%
patrio
27%
plus
27%
prédit
27%
retour,
27%
suol,
27%
Svizzer,
27%
vuol,
27%
vuol.
27%
accents
18%
adora
18%
allor
18%
alma
18%
âme
18%
atteggia;
18%
attendrie;
18%
bab
18%
beautés
18%
ch'
18%
cœur
18%
Cur
18%
dominatur,
18%
émus
18%
etern
18%
etern.
18%
ferm,
18%
già
18%
ils
18%
joyeux
18%
Les
18%
liber
18%
mia
18%
Mia
18%
montent
18%
munts
18%
olma
18%
Parlent
18%
patrie
18%
pieux,
18%
pieux.
18%
pregare
18%
rosseggia
18%
salida
18%
senta
18%
spiert
18%
straglischan
18%
sura,
18%
ta
18%
tschiel,
18%
Tutpussent!
18%
ura
18%
ura.
18%
No matching quizzes found
Score Distribution
Percent of People with Each Score
Percentile by Number Answered
Your Score History
You have not taken this quiz